Čas o priestor Majstra Pavla

Bibliographic Details
Main Author: Kučma, Ivan, 1944- (Author)
Format: Article
Language:Slovak
Subjects:

MARC

LEADER 00000nab a2200000 a 4500
001 vtls000003440
003 SK-MaSNL
005 20260303020818.0
008 111103c1978 xo 0 slo
015 |a SNBRB19rr/mm-uuuuu 
035 |a CL0013532 
040 |a SNKBUCL  |b slo  |c SNKBUCL  |e AACR2 
041 0 |a slo 
044 |a xo  |c SK 
080 |a 730  |2 1981 
080 |a 92 Majster Pavol  |2 1981 
100 1 |a Kučma, Ivan,  |d 1944-  |4 aut  |9 196750 
245 1 0 |a Čas o priestor Majstra Pavla  |c Ivan Kučma 
500 |a /Začiatok./ 
600 0 7 |a Pavol z Levoče,  |d činný 15.-16. storočie  |2 snkbucl  |9 185330 
655 7 |a články z novín a časopisov  |2 snkbucl  |9 267496 
773 0 |t Smena na nedeľu  |g Roč. 13, č. 28 (14. 7. 1978), s. 7 
850 |a Slovenská národná knižnica v Martine  |a MTA001 
852 |a SNK  |b KIS3GCP 
958 |a RK 
992 |a RBX 
999 |c 1620003  |d 1621933